000 00875cab a2200277 4500
001 WB3245-31
008 090401t1996 xxu||||| |||| 00| 0 eng d
035 _a(Sirsi) u60340
041 _aeng
245 _aScares poison best-laid plans
260 _c1996
350 _a0
490 _aDaily Telegraph
_v27 November 1996, 30
490 _aBuilding
_v261(7968) 29 November 1996, 12(2)
520 _aThe fear of possible contamination of derelict industrial land is affecting plans to build new houses on such sites. The Meadows estate at Copford in Colchester built close to a landfill site, is quoted.
650 _aCONTAMINATED LAND
650 _aDERELICT LAND
650 _aHOUSE BUILDING
650 _aINDUSTRIAL LAND
650 _aLANDFILL SITE
650 _aMETHANE GAS
690 _aHOUSING
690 _aLAND
942 _n0
948 _c04/03/1997
999 _c37192
_d37192